Lectures on physics / (Record no. 1873)

000 -LEADER
fixed length control field 00372nam a22001457a 4500
008 - FIXED-LENGTH DATA ELEMENTS--GENERAL INFORMATION
fixed length control field 200205b ||||| |||| 00| 0 eng d
020 ## - INTERNATIONAL STANDARD BOOK NUMBER
International Standard Book Number 818501583X
082 00 - DEWEY DECIMAL CLASSIFICATION NUMBER
Classification number 530
Item number F435
100 ## - MAIN ENTRY--PERSONAL NAME
9 (RLIN) 1482
Personal name Feynman, R. P.
245 10 - TITLE STATEMENT
Title Lectures on physics /
260 ## - PUBLICATION, DISTRIBUTION, ETC. (IMPRINT)
Name of publisher, distributor, etc New Delhi:
Date of publication, distribution, etc Narosa Publishing,
Place of publication, distribution, etc 1965.
300 ## - PHYSICAL DESCRIPTION
Extent 726 p.
650 #0 - SUBJECT ADDED ENTRY--TOPICAL TERM
Topical term or geographic name as entry element Physics
942 ## - ADDED ENTRY ELEMENTS (KOHA)
Item type Books
Holdings
Withdrawn status Lost status Source of classification or shelving scheme Damaged status Not for loan Permanent location Current location Date acquired Source of acquisition Serial Enumeration / chronology Full call number Barcode Date last seen Cost, replacement price Koha item type
          IMU Kolkata IMU Kolkata 2000-05-04 Streling Book House Vol. 2 530 F435 09093 2020-02-05 220.00 Books
Designed and Maintained by IMU-KC Library, Kolkata Campus © Copyright All Rights Reserved

webs counters

Powered by Koha